01570nam a2200409 i 450000100060000000300080000600500170001400600190003100700150005000800410006502000280010602000180013403500220015204000310017405000240020508000070022908200120023610000270024824501090027525000180038426400330040230000410043533600290047633700330050533800390053849000460057750400620062358800830068559001620076865000300093065000280096065500270098879700180101583000470103385600630108099900170114379767FINmELB20241217151711.0m o d | cr cnu||||||||191028s2018 sp ob 000 0 spa d a9781512967326q(e-book) z9788494708268 a(OCoLC)1129840090 aFINmELBbspaerdacFINmELB14aBR115.C8bC552 2018 a2704a2612231 aChoza, Jacinto,d1944-10aMetamorfosis del cristianismo :bensayo sobre la relación entre religión y cultura /cJacinto Choza. a2. edición. 1aSevilla :bThémata,c2018. a1 recurso en línea (258 páginas) atextobtxt2rdamedia/spa acomputadorabc2rdamedia/spa arecurso en línea2rdacarrier/spa1 aColección Sabiduría y religiones ;v4 aIncluye referencias bibliográficas (páginas 245-250). aDescripción basada en metadatos suministrados por el editor y otras fuentes. aRecurso electrónico. Santa Fe, Arg.: elibro, 2019. Disponible vía World Wide Web. El acceso puede estar limitado para las bibliotecas afiliadas a elibro. 0aChristianity and culture. 4aCristianismo y cultura. 4aLibros electrónicos.2 aelibro, Corp. 0aColección Sabiduría y religiones ;v4.40uhttps://elibro.net/ereader/politecnicointernacional/106184 c79767d79767